000 00772nam a22002055i 4500
001 158082
003 ES-MaACL
005 20230906211008.0
008 040826s1869 sp |||| | spa d
040 _aCAM
_bspa
_cCAM
100 1 _aLopez y Lopez, Matias.
_9201570
245 1 0 _aSucinta reseña y observaciones acerca del orígen del chocolate y su fabricacion /
_copúsculo escrito por el fabricante Matias Lopez y Lopez.
250 _a2ª ed. corr. y aum.
260 _aMadrid :
_b[s.n.],
_c1869 (
_fImprenta de José M. Ducazcal)
300 _a[1] h. de lam., 87 p. ;
_c20 cm.
599 _aLa h. de lam. lit. retrato del autor: "Lit. A. Foruny"
650 4 _aChocolate.
_9135763
852 _aES-MaACL
_jC-3427
_z-- Enc. piel con hierros
999 _c158082
_d158082